Social security disability programs : clearer guidance could help SSA apply the medical improvement standard more consistently : report to the Chairman, Committee on Finance, U.S. Senate.
| Corporate Authors: | , |
|---|---|
| Format: | Government Document eBook |
| Language: | English |
| Published: |
[Washington, D.C.] :
U.S. Government Accountability Office,
[2006]
|
| Subjects: | |
| Online Access: | Text version: Abstract: PDF version: |
MARC
| Tag | First Indicator | Second Indicator | Subfields |
|---|---|---|---|
| LEADER | 00000cam a2200000 a 4500 | ||
| 001 | in00002252000 | ||
| 005 | 20220106090500.0 | ||
| 006 | m d f | ||
| 007 | cr mn||||||||| | ||
| 008 | 061207s2006 dcua sb f000 0 eng c | ||
| 035 | |a (OCoLC)ocm76907303 | ||
| 037 | |b GAO (202)512-6000 (voice); (202)512-6061 (Fax); (202)512-2537 (TDD) |f paper copy | ||
| 040 | |a GPO |c GPO |d MvI |d UtOrBLW | ||
| 042 | |a pcc | ||
| 043 | |a n-us--- | ||
| 049 | |a WWW | ||
| 074 | |a 0546-D (online) | ||
| 086 | 0 | |a GA 1.13:GAO-07-8 | |
| 088 | |a GAO-07-8 | ||
| 110 | 1 | |a United States. |b Government Accountability Office. | |
| 245 | 1 | 0 | |a Social security disability programs : |b clearer guidance could help SSA apply the medical improvement standard more consistently : report to the Chairman, Committee on Finance, U.S. Senate. |
| 246 | 3 | |a Social security disability programs : |b clearer guidance could help Social Security Administration apply the medical improvement standard more consistently | |
| 246 | 3 | 0 | |a Clearer guidance could help SSA apply the medical improvement standard more consistently |
| 264 | 1 | |a [Washington, D.C.] : |b U.S. Government Accountability Office, |c [2006] | |
| 300 | |a ii, 41 pages : |b digital, PDF file. | ||
| 336 | |a text |b txt |2 rdacontent | ||
| 337 | |a computer |b c |2 rdamedia | ||
| 338 | |a online resource |b cr |2 rdacarrier | ||
| 538 | |a Mode of access: Internet from GPO Access web site. Address as of 7/9/07: http://www.gao.gov/htext/d078.html (text version), http://www.gao.gov/docdblite/summary.php?rptno=GAO-07-8&accno=A61764 (abstract), http://frwebgate.access.gpo.gov/cgi-bin/getdoc.cgi?dbname=gao&docid=f:d078.pdf (PDF version); current access available via PURL. | ||
| 500 | |a Title from title screen (viewed on Dec. 6, 2006). | ||
| 500 | |a "October 2006." | ||
| 500 | |a Paper version available from: U.S. Government Accountability Office, 441 G St., NW, Rm. LM, Washington, D.C. 20548. | ||
| 504 | |a Includes bibliographical references. | ||
| 500 | |a "GAO-07-8." | ||
| 500 | |a Electronic resource. | ||
| 610 | 1 | 0 | |a United States. |b Social Security Administration |v Rules and practice. |
| 650 | 0 | |a Disability evaluation. | |
| 650 | 0 | |a Social security beneficiaries |z United States. | |
| 710 | 1 | |a United States. |b Congress. |b Senate. |b Committee on Finance. | |
| 856 | 4 | 0 | |3 Text version: |u http://www.gao.gov/htext/d078.html |t 0 |
| 856 | 4 | 0 | |3 Abstract: |u http://www.gao.gov/docdblite/summary.php?rptno=GAO-07-8&accno=A61764 |t 0 |
| 856 | 4 | 0 | |3 PDF version: |u https://purl.fdlp.gov/GPO/LPS76465 |t 0 |
| 999 | |a MARS | ||
| 999 | f | f | |s cfcdbc4d-0e1c-3aef-aee0-8faf9579a607 |i 7066346a-d3ba-382c-988f-3305fb04209a |t 0 |
| 952 | f | f | |a Texas A&M University |b College Station |c Electronic Resources |d Available Online |t 0 |e GA 1.13:GAO-07-8 |h Superintendent of Documents classification |
| 998 | f | f | |a GA 1.13:GAO-07-8 |t 0 |l Available Online |